Statistics for Juventus Champions League XIs

Click here to take the quiz!

General Stats

  • This quiz has been taken 900 times
  • The average score is 40 of 89

Answer Stats

Answer% Correct
Gianluigi Buffon
97%
Giorgio Chiellini
97%
Leonardo Bonucci
95%
Cristiano Ronaldo
91%
Alessandro Del Piero
88%
Andrea Pirlo
87%
Paul Pogba
87%
Paulo Dybala
86%
Wojciech Szczęsny
83%
Andrea Barzagli
80%
Alex Sandro
79%
Gonzalo Higuaín
79%
Álvaro Morata
77%
Claudio Marchisio
74%
Juan Cuadrado
72%
Zinédine Zidane
71%
David Trezeguet
70%
Mario Mandžukić
70%
Carlos Tévez
69%
Danilo
69%
Fabio Cannavaro
69%
Federico Chiesa
69%
Pavel Nedvěd
68%
Arturo Vidal
67%
Adrien Rabiot
65%
Miralem Pjanić
64%
Matthijs de Ligt
62%
Blaise Matuidi
59%
Stephan Lichtsteiner
58%
Patrice Évra
55%
Sami Khedira
55%
Zlatan Ibrahimović
55%
Dani Alves
53%
Douglas Costa
53%
Gianluca Zambrotta
52%
Lillian Thuram
52%
Filippo Inzaghi
51%
Manuel Locatelli
47%
Edgar Davids
46%
Fernando Llorente
45%
João Cancelo
45%
Rodrigo Bentancur
45%
Kwadwo Asamoah
43%
Mattia De Sciglio
43%
Mauro Camoranesi
43%
Weston McKennie
43%
Federico Bernardeschi
42%
Angelo Peruzzi
40%
Didier Deschamps
40%
Antonio Conte
39%
Mirko Vučinić
39%
Patrick Vieira
39%
Christian Vieri
38%
Gianluca Vialli
36%
Alessandro Matri
35%
Edwin van der Sar
34%
Medhi Benatia
34%
Fabio Grosso
30%
Paulo Montero
30%
Ciro Ferrara
29%
Gianluca Pessotto
25%
Alessio Tacchinardi
24%
Amauri
23%
Christian Abbiati
23%
Felipe Melo
23%
Angelo Di Livio
22%
Emerson
22%
Igor Tudor
21%
Stefano Sturaro
20%
Alex Manninger
19%
Diego
18%
Jonathan Zebina
17%
Mark Iuliano
16%
Moreno Torricelli
16%
Marco Di Vaio
15%
Martin Caceres
15%
Mohamed Sissoko
15%
Nicola Legrottaglie
15%
Paulo Sousa
15%
Zdeněk Grygera
15%
Alen Bokšić
14%
Alessandro Birindelli
14%
Vladimir Jugović
13%
Olof Mellberg
11%
Cristian Molinaro
8%
Stephen Appiah
8%
Sergio Porrini
7%
Manuele Blasi
6%
Marco Marchionni
6%

Score Distribution

Percentile by Number Answered

Percent of People with Each Score

Your Score History

You have not taken this quiz